00783nam a22002295i 450000100060000000300090000600500170001500700030003200800410003502000180007604000220009408000160011610000430013224501140017526000660028930000280035550000120038350400320039565000380042771000550046585200330052011602ES-MaACL20230906150133.0t|941006s1994 sp ||||0| spa d a84-604-9110-2 aM-BN bspa cM-BN a929.71(038)1 aMontells y Galán, José María de.10aDiccionario de órdenes de caballería y corporaciones nobiliarias /cJosé María de Montells y Galán. aMadrid : bAcademia de Genealogía, Nobleza y Armas, c1994. a173 p : bil ; c23 cm. aIndice. aBibliografía: p. 147-154.14aOrdenes militares-vDiccionarios.2 aAcademia de Genealogía, Nobleza y Armas (Madrid) aES-MaACLjL-18986 bR.125022